000 00261 a2200121 4500
000 nam a22 7a 4500
020 _a9780070681927
100 _aGanesan,V
_968
245 _aGas turbines
250 _a3
260 _bMcGraw Hill
_c2010
264 _bMcGraw Hill
999 _c35906
_d35906